000 00937nam a22002297a 4500
003 OSt
005 20230127130827.0
008 221006b |||||||| |||| 00| 0 eng d
020 _a983 99405 1 1
040 _cBiblioteca Lado V
082 _a721.9
_bA233b
110 _9687
_aADF Management Sdn. Bhd.
_eautor
245 _aBruno Stagno/
_bAn Architect inteh Tropics/
260 _c1999
_bAsia Desing Forum Publications
_aMalaysia
300 _c22x28cm
_a148p.
505 _tArchitecture for Latitude
_tBruno Stagno and Architectural Biodiversity
_tBruno Stagno
_tProjects and Buildings
_tCommercial
_tFinancial
_tResidential
_tEducational
_tCommunity
_tAcknowledgements
650 _2Tesauro de Arte & Arquitectura
_aARTE
650 _2Tesauro de Arte & Arquitectura
_aARQUITECTURA
650 _2Tesauro de Arte & Arquitectura
_aTEORIA
700 _aOstrander, Tobias
_eCurador
_928
942 _2ddc
_c1
_h721.09
_iA233b
_n0
999 _c2970
_d2970